[Event "FIDE Chesscom Grand Swiss 2021"]
[Site "Riga"]
[Date "2021.11.01"]
[Round "6.48"]
[White "Cheparinov, Ivan"]
[Black "Durarbayli, Vasif"]
[Result "1/2-1/2"]
[WhiteElo "2659"]
[BlackElo "2629"]
[Annotator "TA"]
[PlyCount "93"]
[EventDate "2021.10.27"]
[EventType "swiss"]
[EventCountry "LAT"]
[Tiebreak "Cut1 Buchholz+Sonneborn-Berger (Swiss)"]
[SourceTitle "playchess.com"]
[Source "ChessBase"]
[SourceQuality "1"]

{[%evp 19,93,18,12,8,8,7,17,14,10,0,8,8,8,8,7,7,8,8,8,8,9,10,9,10,8,0,0,0,0,-7,
0,0,0,0,0,0,0,-16,0,1,7,0,0,0,0,0,43,0,0,0,0,0,0,0,0,0,0,0,0,0,0,0,0,0,0,0,0,0,
0,0,0,0,0,0,0,0]} 1. e4 e5 2. Nf3 Nc6 3. Bb5 a6 4. Ba4 Nf6 5. O-O Be7 6. Re1 b5
7. Bb3 O-O 8. a4 Bb7 9. d3 d6 10. Bd2 Qd7 11. h3 {C88: Closed Ruy Lopez:
Anti-Marshall Systems.} Nd8 12. axb5 axb5 13. Rxa8 Bxa8 14. Nc3 Ne6 {[#]} 15.
Bxe6 $146 ({Predecessor:} 15. Nd5 Bd8 16. Qa1 Bb7 17. Qa7 c6 18. Ne3 Be7 19.
Nf5 Ra8 20. Qe3 Qd8 21. Ng5 {1/2-1/2 (51) Ivic,V (2571)-Sargissian,G (2682)
Reykjavik 2021}) 15... fxe6 16. b4 Bb7 17. Qb1 Ra8 18. Qb2 h6 19. Ra1 Rxa1+ 20.
Qxa1 Kf7 21. Qa5 Bc6 22. g4 Nh7 23. Kg2 Nf8 24. h4 Nh7 25. Kh3 Kg8 26. Kg3 Nf6
27. g5 hxg5 28. hxg5 Nh5+ 29. Kg4 g6 30. Nh4 Kf7 31. Qa1 Qc8 32. Ne2 Be8 {[#]}
33. Nxg6 $1 Kxg6 {The position is equal.} 34. Qh1 $1 {[%cal Rh1h5]} Kg7 35. Ng3
Nf4 $1 {aiming for ...Bg6.} ({Worse is} 35... Nxg3 36. Qh6+ Kg8 37. g6 $18) 36.
Qh6+ ({Don't play} 36. Bxf4 exf4 37. Qh6+ Kg8 $17) 36... Kg8 37. g6 $1 Bxg6 {
[#] Hoping for ...Bf7.} ({Avoid the trap} 37... Nxg6 $2 38. Nh5 $18) 38. Bxf4
Kf7 39. Bg5 {Strongly threatening Bxe7.} Qg8 40. Bxe7 Kxe7 41. Qg5+ Kd7 42. f4
exf4 43. Qxb5+ Kc8 {White must now prevent ...Be8+.} 44. Kxf4 e5+ 45. Kf3 Qf7+
46. Kg2 Qf4 47. Qc4 {A rather calm draw.  Weighted Error Value: White=0.02/
Black=0.02} 1/2-1/2

[Event "FIDE Chesscom Grand Swiss 2021"]
[Site "Riga"]
[Date "2021.11.01"]
[Round "6.49"]
[White "Rakhmanov, Aleksandr"]
[Black "Vokhidov, Shamsiddin"]
[Result "1/2-1/2"]
[WhiteElo "2657"]
[BlackElo "2521"]
[Annotator "TA"]
[PlyCount "60"]
[EventDate "2021.10.27"]
[EventType "swiss"]
[EventCountry "LAT"]
[Tiebreak "Cut1 Buchholz+Sonneborn-Berger (Swiss)"]
[SourceTitle "playchess.com"]
[Source "ChessBase"]
[SourceQuality "1"]

{[%evp 13,60,0,1,-7,0,0,0,0,0,0,5,0,0,-11,0,0,7,0,9,0,0,0,0,0,0,0,0,0,0,0,0,0,
9,0,0,0,0,0,0,0,0,0,0,0,0,0,0,0,0]} 1. d4 Nf6 2. c4 e6 3. Nc3 Bb4 4. e3 O-O 5.
Nf3 d5 6. Bd2 b6 7. cxd5 exd5 {The position is equal.} 8. Rc1 {E51:
Nimzo-Indian: Rubinstein: 4...0-0 5 Nf3 d5.} Bb7 9. Bd3 Re8 10. O-O Bf8 11. Ne5
c5 12. f4 Nc6 13. Ne2 Ne4 {[#]} 14. Ng3 $146 ({Predecessor:} 14. Bxe4 dxe4 15.
Bc3 Qc7 16. Ng3 Rad8 17. Qg4 Bc8 18. f5 f6 19. Nxc6 Qxc6 20. Nh5 {1-0 (32)
Aditya,M (2438)-Vatsal,S (2371) Tornelo INT 2021}) 14... Nxg3 15. hxg3 {
[#] And now Bxh7+! would win.} g6 16. Qg4 {With the idea Nxf7.} Qe7 17. Nxc6
Bxc6 18. f5 Qd7 19. Qf4 Bd6 20. Qh4 (20. Qh6 {keeps more tension.} Bf8 21. Qf4)
20... Bb5 21. Bxb5 Qxb5 22. fxg6 hxg6 23. dxc5 $40 {[%mdl 128] White attacks.}
Bxc5 24. Rxc5 Qxc5 25. Bc3 {[%csl Gc3][%cal Rh4h8]} Qxe3+ 26. Rf2 $1 {[%csl
Gc3][%cal Rh4h8]} Re5 $1 {[%cal Re5h5] White must now prevent ...Rh5.} 27. Qf6
$1 {[%cal Rf6f7]} Qc1+ 28. Rf1 Qe3+ {[%mdl 64] [#] Double Attack} 29. Rf2 Qc1+
30. Rf1 Qe3+ {[%mdl 64] Double Attack. An uneventful encounter.  Weighted
Error Value: White=0.02/Black=0.02} 1/2-1/2

[Event "FIDE Chesscom Grand Swiss 2021"]
[Site "Riga"]
[Date "2021.11.01"]
[Round "6.50"]
[White "Georgiev, Kiril"]
[Black "Paravyan, David"]
[Result "1/2-1/2"]
[WhiteElo "2577"]
[BlackElo "2642"]
[Annotator "TA"]
[PlyCount "164"]
[EventDate "2021.10.27"]
[EventType "swiss"]
[EventCountry "LAT"]
[Tiebreak "Cut1 Buchholz+Sonneborn-Berger (Swiss)"]
[SourceTitle "playchess.com"]
[Source "ChessBase"]
[SourceQuality "1"]

{[%evp 20,164,10,11,27,12,13,21,10,0,38,16,64,35,38,38,42,41,38,37,56,54,54,54,
60,58,32,0,56,52,51,55,58,0,54,41,54,20,29,27,41,18,9,8,27,40,43,3,18,0,0,0,0,
0,35,11,34,33,58,0,0,0,0,0,61,61,61,61,99,0,0,-29,-30,-70,-70,-72,-88,-101,
-116,-113,-66,-66,-66,-66,-66,-66,-66,-73,-73,-73,-73,-73,-42,-51,0,0,0,0,0,0,
0,0,0,0,0,0,0,0,0,0,0,0,0,0,0,0,0,0,0,0,0,0,0,0,0,0,0,0,0,0,0,0,0,0,0,0,0,0,0,
0,0,0,0,0,0,0,0]} 1. e4 e5 2. Nf3 Nc6 3. Bb5 a6 4. Ba4 Nf6 5. d3 d6 6. c3 g6 7.
O-O Bg7 8. Bg5 h6 9. Bh4 Bd7 10. Nbd2 {[%cal Bb1d2,Bd2f1,Bf1e3,Be3d5][%mdl 32]}
O-O 11. Re1 Qe8 {C77: Ruy Lopez: 3...a6 4 Ba4 Nf6, unusual lines.} 12. Nf1 Nh5
13. Ne3 Nf4 14. Bg3 Ne6 15. Nd5 Kh8 {[#]} 16. Kh1 $146 ({Predecessor:} 16. Bc2
Rc8 17. Qd2 f5 18. exf5 gxf5 19. d4 e4 20. Nh4 Qf7 21. f3 Nexd4 22. cxd4 Qxd5 {
1/2-1/2 (52) Bindrich,F (2532)-Gonda,L (2482) Budapest 2010}) 16... Rc8 17. Bc2
Qd8 18. Qd2 Ne7 19. d4 exd4 20. Nxe7 Qxe7 21. cxd4 Ng5 22. Nh4 Ne6 23. Nf3 Ng5
24. Nxg5 Qxg5 25. Bf4 Qh4 26. Bg3 Qg5 27. f4 Qb5 28. e5 dxe5 29. dxe5 Be6 30.
Be4 Rfd8 31. Qf2 Qb6 32. Qf3 Rd2 33. b3 Rcd8 34. Bxb7 R8d3 35. Qc6 Qd4 36. Qe4
$1 (36. Qxc7 $2 Qxa1 $3 {[%mdl 512]} 37. Rxa1 (37. Qb8+ $2 Kh7 $19) 37... Rd1+
38. Be1 Rxa1 $19) (36. Bxa6 $2 Bd5 $19) 36... Qd8 37. Re3 (37. Bxa6 $2 {[#]}
Rxg3 $1 {[%mdl 512]} 38. hxg3 Bd5 $19) 37... Rd4 38. Qf3 h5 39. Be1 (39. Bxa6
$2 Bd5 $19) (39. h3 $14) 39... Rd1 $1 $11 {[%cal Rd1a1]} 40. Rxd1 Rxd1 41. h3
Bf8 (41... Qd4 $11) 42. Kh2 $1 $14 ({But not} 42. Bxa6 $2 Qd2 $19) 42... Bc5
43. Re2 Kg7 ({Don't play} 43... Qd4 $6 44. Bf2 $16) 44. b4 (44. Bxa6 $16 Bd4
45. Bf2) 44... Bb6 $11 45. f5 Bxf5 46. Bxa6 Qd4 47. Bf2 Qxb4 48. Bxb6 Qxb6 49.
Rf2 Re1 50. Bc8 Rxe5 ({And not} 50... Bxc8 51. Qxf7+ Kh8 52. Qf8+ Kh7 53. Rf7#)
51. Bxf5 Rxf5 $15 {[%mdl 4096] Endgame KQR-KQR} 52. Qc3+ Qf6 $1 {[%cal Rf6c3]}
53. Qxf6+ Kxf6 {KR-KR} 54. Rc2 c5 55. a4 {[%cal Ba2a4,Ba4a5,Ba5a6,Ba6a7][%mdl
32]} Ke6 56. a5 $1 Kd5 ({Better is} 56... Kd6 $15 57. a6 Kc7) 57. a6 $11 {
The position is equal.} Re5 $1 {[%cal Re5e7]} 58. a7 Re8 {Strongly threatening
...Ra8.} 59. Re2 Rc8 (59... Rf8 {is interesting.} 60. Re7 f6 61. Rb7 Ra8 62.
Kg3 Kc6) 60. Rb2 {aiming for Rb8.} Ra8 61. Rb7 f5 62. Kg3 g5 63. Kf3 Kc6 64.
Rf7 g4+ 65. Ke3 h4 66. Kd3 Kb5 67. Kc3 g3 (67... gxh3 {seems wilder.} 68. gxh3
Kb6 69. Kc4 Re8 70. Kd5 Ra8) 68. Kb3 f4 69. Rxf4 Rxa7 {White must now prevent .
..c4+!} 70. Rxh4 Re7 71. Rc4 Re3+ 72. Rc3 c4+ 73. Kb2 Re2+ 74. Rc2 Rf2 75. Kc3
Kc6 76. Rd2 Kc5 77. Rd4 Rxg2 78. Rxc4+ Kd5 {( -> ...Rc2+!)} 79. Rg4 Rg1 80. Kd2
g2 81. Ke2 Rh1 82. Rxg2 Rxh3 {Weighted Error Value: White=0.10/Black=0.11}
1/2-1/2

[Event "FIDE Chesscom Grand Swiss 2021"]
[Site "Riga"]
[Date "2021.11.01"]
[Round "6.51"]
[White "Suleymanli, Aydin"]
[Black "Adly, Ahmed"]
[Result "1-0"]
[WhiteElo "2541"]
[BlackElo "2602"]
[Annotator "TA"]
[PlyCount "77"]
[EventDate "2021.10.27"]
[EventType "swiss"]
[EventCountry "LAT"]
[Tiebreak "Cut1 Buchholz+Sonneborn-Berger (Swiss)"]
[SourceTitle "playchess.com"]
[Source "ChessBase"]
[SourceQuality "1"]

{[%evp 12,77,8,15,49,6,10,10,32,26,41,-6,11,-45,-55,-25,0,0,0,-39,3,7,2,0,76,
88,85,83,76,89,85,73,100,100,77,88,109,108,109,115,135,138,152,137,195,191,219,
215,212,155,224,211,264,247,277,264,337,320,1660,1465,29972,29973,5845,12847,
29977,29978,29977,29976]} 1. d4 Nf6 2. c4 e6 3. Nf3 Bb4+ 4. Nbd2 O-O 5. a3 Be7
6. b4 d5 7. e3 Ne4 {[#] E11: Bogo-Indian.} 8. Nxe4 $146 ({Predecessor:} 8. Bd3
f5 9. Bb2 Nd7 10. O-O Ndf6 11. Ne5 c6 12. Qc2 Bd7 13. Nb3 Be8 14. f3 Nd6 15. a4
dxc4 16. Nxc4 {1-0 (44) Weetik,V (2608)-Khanin,S (2692) Chess.com INT 2019})
8... dxe4 9. Nd2 f5 {The position is equal.} 10. Bb2 Nd7 11. f3 exf3 12. Qxf3 (
12. Nxf3 $11 a5 13. c5) 12... a5 $15 13. b5 e5 14. dxe5 Nc5 15. Be2 (15. Rd1 {
feels hotter.} Qe8 16. Be2 Be6 17. Nb1 Ne4 18. O-O) 15... Be6 16. Bd4 f4 17.
O-O Rf5 (17... b6 $11) 18. Rad1 $16 {aiming for Ne4.} fxe3 19. Qxe3 Bg5 20. Qc3
Bxd2 21. Qxd2 ({Stronger than} 21. Rxd2 Rxf1+ 22. Bxf1 Ne4 $17) 21... Nb3 22.
Qe3 Rxf1+ 23. Bxf1 Nxd4 24. Rxd4 Qe7 25. Be2 b6 26. Bf3 Rf8 27. Bd5 g6 (27...
Re8 $16 28. h3 h6) 28. h3 Kg7 29. Bxe6 Qxe6 $18 {[%mdl 4096] Endgame KQR-KQR}
30. Rd5 Rf7 (30... a4 $16 31. Qd2 Rf5) 31. Qd4 Re7 32. c5 Kf8 33. c6 Kg7 34.
Rd7 Kf8 {[#]} (34... a4 35. Rxe7+ (35. Qxa4 Rxd7 36. cxd7 Qxd7 $16) 35... Qxe7
36. e6+ (36. Qxa4 Qc5+ 37. Kh1 Qxe5 $14) 36... Kg8) 35. Rxc7 $1 {[%mdl 512]}
Qxe5 (35... Rxc7 36. Qd8+) 36. Qxe5 Rxe5 37. Rxh7 Rc5 38. c7 Ke8 39. h4 {
Weighted Error Value: White=0.12/Black=0.69} 1-0

[Event "FIDE Chesscom Grand Swiss 2021"]
[Site "Riga"]
[Date "2021.11.01"]
[Round "6.52"]
[White "Meshkovs, Nikita"]
[Black "Budisavljevic, Luka"]
[Result "1/2-1/2"]
[WhiteElo "2550"]
[BlackElo "2508"]
[Annotator "TA"]
[PlyCount "175"]
[EventDate "2021.10.27"]
[EventType "swiss"]
[EventCountry "LAT"]
[Tiebreak "Cut1 Buchholz+Sonneborn-Berger (Swiss)"]
[SourceTitle "playchess.com"]
[Source "ChessBase"]
[SourceQuality "1"]

{[%evp 13,174,26,2,12,22,0,0,-9,24,7,37,-8,26,23,27,14,37,40,47,67,115,86,128,
88,107,83,85,80,86,84,119,115,129,106,119,106,114,106,105,108,105,83,80,30,30,
31,62,31,36,12,6,-6,-4,-6,-1,0,-8,-31,-28,-31,-28,-30,0,0,0,0,6,6,10,0,18,18,
16,18,63,63,63,63,63,45,105,105,185,8,8,8,8,12,186,144,85,85,85,114,79,79,81,
91,92,92,191,191,191,206,247,0,0,0,0,0,0,0,0,0,0,0,0,0,0,0,0,0,0,0,0,0,0,0,0,0,
0,0,0,0,0,0,0,0,0,0,0,0,0,0,0,0,0,0,0,0,0,0,0,0,0,0,0,0,0,0,0,0,0]} 1. d4 e6 2.
g3 c5 3. Nf3 cxd4 4. Nxd4 Nf6 5. Bg2 d5 6. O-O e5 7. Nb3 Be6 8. Bg5 {D02: 1 d4
d5 2 Nf3 sidelines, including 2...Nf6 3 g3 and 2...Nf6 3 Bf4.} Nbd7 9. f4 exf4
10. gxf4 g6 11. Nc3 {[%cal Rc3d5]} Be7 {[#]} 12. Qd4 $146 {[%cal Rc3d5]} ({
Predecessor:} 12. Kh1 O-O 13. Nd4 Nb6 14. f5 Bd7 15. fxg6 hxg6 16. Qd3 Ng4 17.
Bf4 Bc5 18. Rad1 {0-1 (52) Sargissian,G (2672)-Halkias,S (2571) Riadh 2017})
12... Qb6 13. Rad1 $36 {[%mdl 2048] White has some pressure.} Rc8 14. Kh1 O-O
15. Qxb6 Nxb6 16. f5 gxf5 17. Nd4 Bd8 18. Nxf5 Ng4 19. Ne7+ Bxe7 20. Bxe7 Rfe8
21. Bg5 f6 22. Bc1 (22. Bxf6 $6 Ne3 $11) 22... Kg7 23. Rd3 Ne5 24. Rg3+ Ng6 25.
Be3 Rc4 {next ...d4 is good for Black.} 26. Rd1 Na4 27. Nxa4 (27. Bxd5 Nxc3 28.
bxc3 Rd8 $1 $17) 27... Rxa4 28. Bd4 (28. Bxd5 Rd8 $1 $17) 28... Bf5 $1 29. e3
Bxc2 30. Rf1 Ra6 31. h4 h5 $1 32. Bxd5 Be4+ 33. Bxe4 Rxe4 34. Rf5 Rxh4+ 35. Kg2
Kf7 {...Rxd4! is the strong threat.} 36. Rb5 b6 37. Bc3 Rg4 38. Rxh5 Rxg3+ 39.
Kxg3 $11 {[%mdl 4096] Endgame KRB-KRN} Ke6 40. a3 {[%cal Ba2a3,Ba3a4,Ba4a5,
Ba5a6][%mdl 32]} Ra4 41. Bb4 Ne7 (41... Ne5 {is interesting.} 42. Rh8 Kf5 43.
Rh4 Nd3 44. e4+ Ke6) 42. b3 Ra6 43. a4 Nd5 44. Bd2 b5 45. e4 ({Much weaker is} 
45. axb5 $6 Ra2 $11) 45... Nc7 46. a5 Rd6 (46... Rc6 $1 $14) 47. Bf4 $16 Rc6 (
47... Rd3+ $16 {is a better defense.} 48. Kg4 Rc3) 48. Rh7 $2 (48. Bxc7 $18
Rxc7 49. Rxb5) 48... Na6 $11 49. Rxa7 Nc5 50. Be3 Nxb3 (50... Nxe4+ $11 {
and Black is okay.} 51. Kf3 Nc5) 51. a6 $18 {Black must now prevent Ra8.} Nc5
52. Bxc5 Rxc5 $16 {KR-KR} 53. Ra8 Rc7 54. Kf4 $1 {Threatens to win with Rb8.} (
{Much worse is} 54. a7 Re7 $11) 54... b4 {[#]} 55. Rb8 $1 {[%cal Rb8b4]} Ra7
56. Rb6+ ({Reject} 56. Rxb4 $6 Rxa6 57. Rb7 Ra1 $11) 56... Kd7 57. Rxf6 Kc7 {
[#]} 58. Ke3 $1 {White wants to mate with Rf7+.} Ra8 59. Rf7+ $2 (59. e5 $18)
59... Kb6 {The position is equal.} 60. Rb7+ Kc6 61. Rxb4 Rxa6 62. Rd4 Ra8 $1
63. Kf4 Kc5 64. Rd5+ (64. Rd7 {with more complications.} Kc6 65. Rd5 Rf8+ 66.
Kg4 Rg8+ 67. Kf3) 64... Kc6 $1 65. Rd4 Kc5 66. Rd7 {Hoping for e5.} Kc6 67. Rd5
Rf8+ 68. Rf5 Rd8 69. Rf7 Kd6 70. Kf5 {aiming for e5+.} Re8 71. Rf6+ Kd7 $1 72.
e5 {Strongly threatening Rf7+.} Rh8 73. Rf7+ Ke8 74. Ke6 (74. Rb7 {keeps more
tension.} Rh5+ 75. Ke4 Rh6 76. Kd5 Rg6 77. Ra7) 74... Rh6+ 75. Rf6 Rh7 76. Rg6
{[%cal Rg6g8]} (76. Rf1 {looks sharper.} Re7+ 77. Kd6 Rd7+ 78. Kc6 Re7 79. Rf5)
76... Re7+ 77. Kf5 Rf7+ 78. Rf6 Ra7 79. Rh6 {White threatens Rh8+ and mate.}
Rf7+ 80. Ke6 Re7+ 81. Kd5 Rd7+ 82. Rd6 (82. Ke4 {seems wilder.} Rg7 83. Ra6 Rb7
84. Kf5 Rf7+ 85. Kg6) 82... Ke7 83. Rxd7+ Kxd7 84. e6+ Ke7 85. Ke5 Ke8 86. Kd6
{Threatening mate with e7.} Kd8 87. e7+ Ke8 88. Ke6 {Weighted Error Value:
White=0.17/Black=0.15} 1/2-1/2

[Event "FIDE Chesscom Grand Swiss 2021"]
[Site "Riga"]
[Date "2021.11.01"]
[Round "6.53"]
[White "Morovic Fernandez, Ivan"]
[Black "Miezis, Normunds"]
[Result "1/2-1/2"]
[WhiteElo "2510"]
[BlackElo "2467"]
[Annotator "TA"]
[PlyCount "89"]
[EventDate "2021.10.27"]
[EventType "swiss"]
[EventCountry "LAT"]
[Tiebreak "Cut1 Buchholz+Sonneborn-Berger (Swiss)"]
[SourceTitle "playchess.com"]
[Source "ChessBase"]
[SourceQuality "1"]

{[%evp 13,89,43,31,27,73,62,67,62,64,64,64,67,77,67,68,81,79,65,64,68,63,66,76,
75,70,78,90,54,95,72,73,61,112,94,120,116,122,109,122,105,140,117,115,110,138,
147,186,197,279,276,294,294,286,286,281,150,140,0,0,0,3,-10,-10,-10,-10,-10,
-10,-10,-10,-10,-10,-10,-10,-22,-22,-22,-22,-22]} 1. e4 c5 2. Nf3 e6 3. d4 cxd4
4. Nxd4 a6 5. Bd3 Nc6 6. Nxc6 dxc6 7. Nd2 Qc7 {was the old line (7...e5).} 8.
Qg4 {[#] B42: Sicilian: Kan Variation: 5 Bd3.} b5 $146 ({Predecessor:} 8... Nf6
9. Qg3 Qxg3 10. hxg3 Nd7 11. a4 Nc5 12. Be2 e5 13. f3 Be6 14. a5 Nd7 15. Bc4
Nc5 {1/2-1/2 (65) Smeets,J (2593)-Miezis,N (2540) Liverpool 2008}) 9. a4 Bb7
10. Qg3 {White is slightly better.} Qxg3 11. hxg3 Nf6 12. Nb3 Nd7 13. Be3 Rc8
14. Be2 Be7 15. f3 O-O 16. g4 h6 17. O-O Rfd8 18. Rfd1 Kf8 19. Kf2 Ke8 20. Rd2
Rb8 21. c3 Rbc8 22. Rdd1 Rb8 ({Black should try} 22... Rc7 $14) 23. axb5 $16
cxb5 24. Na5 Ba8 {[#]} 25. c4 $1 bxc4 26. Nxc4 Bb7 27. Nd6+ Bxd6 28. Rxd6 Rdc8
29. Rad1 Bc6 30. Bxa6 {Black must now prevent b4.} Rxb2+ (30... Rc7 $142 31.
Rc1 Rxb2+ 32. Rd2 Rxd2+ 33. Bxd2 Ne5) 31. R1d2 $18 Rxd2+ 32. Bxd2 Ke7 {[#]} 33.
Bb4 ({Less strong is} 33. Bxc8 Kxd6 34. Bb4+ Nc5 $14) 33... Rb8 34. Ba3 ({
Inferior is} 34. Rxc6+ Rxb4 35. Rc7 Kd6 $11) 34... Ba8 35. Bb5 Rxb5 $11 {
The position is equal.} 36. Rb6+ (36. Ra6+ {is interesting.} Kf6 37. Rxa8 Nc5
38. Rd8 Ra5 39. Bb4) 36... Rc5 $1 37. Rb5 {[%mdl 64] Pin} (37. Ra6 {with more
complications.} Bb7 38. Ra7 Kd8 39. Rxb7 Ra5 40. Rb3) 37... Kd6 {...Kc6 is the
strong threat.} 38. Bxc5+ Nxc5 39. Rb8 $1 {[%cal Rb8a8]} Bc6 40. Rg8 $1 g5 41.
Rh8 Nd3+ 42. Ke3 Nf4 43. g3 Ng6 44. Rxh6 Ne5 45. Rh5 {Black escapes into a
draw.  Weighted Error Value: White=0.07/Black=0.11} 1/2-1/2

[Event "FIDE Chesscom Grand Swiss 2021"]
[Site "Riga"]
[Date "2021.11.01"]
[Round "6.54"]
[White "Gretarsson, Hjorvar Steinn"]
[Black "Rakotomaharo, Fy Antenaina"]
[Result "1-0"]
[WhiteElo "2577"]
[BlackElo "2484"]
[Annotator "TA"]
[PlyCount "59"]
[EventDate "2021.10.27"]
[EventType "swiss"]
[EventCountry "LAT"]
[Tiebreak "Cut1 Buchholz+Sonneborn-Berger (Swiss)"]
[SourceTitle "playchess.com"]
[Source "ChessBase"]
[SourceQuality "1"]

{[%evp 13,59,17,10,22,17,3,2,15,18,12,16,14,36,47,34,36,50,49,43,35,139,114,
137,131,199,197,229,232,256,272,250,265,250,225,419,372,529,497,529,520,1025,
988,1264,1262,1233,1224,1153,1127]} 1. c4 e6 2. Nc3 d5 3. d4 Nf6 4. cxd5 exd5
5. Bg5 c6 6. e3 Be7 {6...h6 might become the main line.} 7. Bd3 O-O 8. h3 {
D35: Queen's Gambit Declined: Exchange Variation.} Re8 9. Nf3 Ne4 10. Bf4 {
[#] The position is equal.} ({Not} 10. Nxe4 $2 dxe4 11. Bxe4 Bxg5 $19) 10...
Bd6 $146 ({Predecessor:} 10... Nxc3 11. bxc3 Nd7 12. O-O Nf8 13. a4 Be6 14. a5
Qd7 15. Qc2 Bd6 16. Ne5 Bxe5 17. Bxe5 {0-1 (54) Sigamoney,C-Aung,T (2518) ICC
INT 2009}) 11. Bxd6 Nxd6 12. Qc2 g6 13. h4 Bf5 14. Bxf5 Nxf5 15. h5 Nd7 16.
O-O-O Qf6 ({Black should try} 16... Nd6 $14) 17. e4 $16 Ne7 18. Qd2 b5 (18...
Rac8 $16 {was necessary.}) 19. e5 $18 Qg7 20. hxg6 fxg6 21. Ng5 Nf8 22. Rh2 h6
23. Nf3 Kh7 $2 {[#]} (23... h5 24. Ng5 Rac8) 24. Rdh1 Ng8 (24... h5 {was
called for.} 25. g4 Ne6 26. Ng5+ Nxg5) 25. Ng5+ {White is clearly winning.} Kh8
26. g4 Ne6 {[#]} (26... Re7 $142 27. f4 b4) 27. Nf7+ $1 {[%mdl 512]} Kh7 (27...
Qxf7 28. Rxh6+) 28. Nxh6 Nxh6 29. Rxh6+ Kg8 30. f4 {Weighted Error Value:
White=0.01/Black=0.41} 1-0

[Event "FIDE Chesscom Grand Swiss 2021"]
[Site "Riga"]
[Date "2021.11.03"]
[Round "7.1"]
[White "Firouzja, Alireza"]
[Black "Najer, Evgeniy"]
[Result "1-0"]
[WhiteElo "2770"]
[BlackElo "2654"]
[Annotator "TA"]
[PlyCount "117"]
[EventDate "2021.10.27"]
[EventType "swiss"]
[EventCountry "LAT"]
[Tiebreak "Cut1 Buchholz+Sonneborn-Berger (Swiss)"]
[SourceTitle "playchess.com"]
[Source "ChessBase"]
[SourceQuality "1"]

{[%evp 9,117,15,17,9,20,16,21,22,17,21,29,20,33,11,31,5,12,12,17,13,47,48,61,
63,47,57,68,54,49,53,53,59,53,55,117,47,89,89,98,100,88,93,137,128,127,122,142,
132,126,126,156,159,151,158,158,158,157,158,158,151,151,151,151,151,151,151,
165,96,104,96,97,80,100,101,118,111,128,0,0,0,0,0,0,0,0,0,0,0,0,0,0,0,29969,
29970,29969,29969,29969,29967,29955,29951,29976,29977,29976,29978,29984,29985,
29985,29986,29986,29987]} 1. e4 e5 2. Nf3 Nf6 3. d4 Nxe4 4. dxe5 d5 5. Nbd2
Nxd2 6. Bxd2 {C43: Petroff Defence: 3 d4.} Be7 7. c3 $5 {[%mdl 4] Exploring
less charted territory.} c5 8. Bd3 {The position is equal.} Nc6 9. O-O Bg4 10.
Re1 Qd7 11. h3 Bh5 12. Bf4 Qe6 13. Be2 O-O 14. Qd2 Bg6 15. Rad1 Be4 16. Ng5 $1
{[%cal Rg5e6]} Bxg5 17. Bxg5 {[#]} d4 $146 ({Predecessor:} 17... h6 18. Be3 d4
19. cxd4 Rfd8 20. Qc3 Qg6 21. g3 cxd4 22. Bxd4 Qe6 23. Kh2 Rac8 {1-0 (38) So,W
(2760)-Yu,Y (2738) Jerusalem 2019}) 18. Bf1 Qg6 19. Qf4 Bc2 20. Rd2 Rae8 21.
Bh4 Kh8 (21... Bb1 $14) 22. f3 ({But not} 22. cxd4 $6 Nxd4 23. f3 Qb6 $14) (22.
Bb5 $16) 22... a6 23. Bf2 Rd8 24. Rc1 Bb1 25. cxd4 Nxd4 26. Bxd4 cxd4 27. a3
Ba2 28. Rxd4 Qb6 29. Rcd1 Rfe8 30. Kh2 Rxd4 31. Qxd4 Qxd4 32. Rxd4 $16 {
[%mdl 4096] Endgame KRB-KRB} g5 33. Rd7 b5 34. Rd6 Rxe5 {[#] ...Re1 is the
strong threat.} 35. Rxa6 Bc4 36. Bxc4 bxc4 {KR-KR} 37. a4 Rc5 38. Rb6 (38. h4
$18) 38... c3 39. bxc3 Rxc3 40. a5 {[%cal Ba4a5,Ba5a6][%mdl 32]} Kg7 41. a6 Ra3
42. Kg3 Ra2 43. f4 ({Better is} 43. Rd6 $16) 43... gxf4+ $1 $11 44. Kxf4 Rxg2
45. Ke5 {Black must now prevent Kd6.} Ra2 46. Kd6 f5 $1 47. Kc7 f4 48. Kb8 {
aiming for a7.} f3 49. a7 f2 50. Rb1 f1=Q $4 {[%mdl 8192] [#]} (50... Kh6 $11)
51. Rxf1 {White mates.} Rb2+ 52. Ka8 Rb3 53. Rc1 Kg6 54. Rc7 h5 55. Rb7 Rxh3
56. Rb6+ Kg5 57. Kb7 Ra3 58. Ra6 Rb3+ 59. Kc7 {Weighted Error Value: White=0.
06/Black=0.19} 1-0

[Event "FIDE Chesscom Grand Swiss 2021"]
[Site "Riga"]
[Date "2021.11.03"]
[Round "7.2"]
[White "Sasikiran, Krishnan"]
[Black "Vachier-Lagrave, Maxime"]
[Result "1/2-1/2"]
[WhiteElo "2640"]
[BlackElo "2763"]
[Annotator "TA"]
[PlyCount "60"]
[EventDate "2021.10.27"]
[EventType "swiss"]
[EventCountry "LAT"]
[Tiebreak "Cut1 Buchholz+Sonneborn-Berger (Swiss)"]
[SourceTitle "playchess.com"]
[Source "ChessBase"]
[SourceQuality "1"]

{[%evp 23,60,25,34,16,10,14,13,0,0,0,0,0,0,0,11,0,0,-12,0,0,-8,0,0,0,0,0,8,0,0,
0,25,0,0,0,9,0,0,0,25]} 1. e4 c5 2. Nf3 d6 3. d4 cxd4 4. Nxd4 Nf6 5. Nc3 a6 6.
Be3 e5 7. Nb3 Be6 8. f3 Be7 9. Qd2 O-O 10. O-O-O Nbd7 11. g4 b5 12. g5 Nh5 $1 {
[%mdl 4] is recently more successful than 12...b4.} 13. Kb1 {B90: Sicilian
Najdorf: Unusual White 6th moves, 6 Be3 Ng4 and 6 Be3 e5.} Nb6 14. Na5 {
[#] Black must now prevent Nc6.} Rc8 15. Nd5 Nxd5 16. exd5 Bxd5 17. Qxd5 {
Threatens to win with Nc6.} Qxa5 18. Bd3 g6 {[#]} 19. Be4 $146 ({Predecessor:} 
19. c4 Nf4 20. Bxf4 exf4 21. h4 Rc5 22. Qe4 Re5 23. Qxf4 Rc8 24. h5 Bxg5 25.
Qg4 {1-0 (31) Grigoriants,S (2542)-Bok,B (2624) Chess.com INT 2020}) 19... Qc7
20. Qd3 Rfe8 21. Bd5 Bf8 22. h4 a5 23. c3 Qd7 24. a3 Rc7 25. Rhg1 Rb8 26. Bb3
Kh8 27. Rgf1 Ng3 {The position is equal.} 28. Rg1 Nh5 29. Rgf1 Ng3 30. Rg1 Nh5
{An uneventful encounter.  Weighted Error Value: White=0.05/Black=0.04} 1/2-1/2